000 00370nam a2200145Ia 4500
008 230917s9999||||xx |||||||||||||| ||und||
040 _e74453
_aMAIN
041 _aEnglish
082 _a332.041 B788E
100 _aBromwich, Michael
245 4 _aThe economics of capital budgeting
260 _aHarmondsworth
_bPenguin Books
_c1976
300 _a395 p.
942 _cBK
999 _c218064
_d218064